Top 20 Guns of Call of Duty Ranked - Statistics

General Stats
  • This quiz has been taken 159 times
  • The average score is 9 of 20
Answer Stats
#1-20 Answer % Correct
1 MW2/MW3 (AR) ACR
65%
11 MW2 (Sniper) Intervention
65%
17 MW/BO/AW (AR) AK-47
57%
4 MW3/BO2 (SMG) MP7
57%
3 BO1/MW2 (AR) Famas
55%
9 MW (AR) M16A4
55%
7 WAW (AR) MP40
51%
10 BO1 (AR) Galil
50%
6 BO2 (AR) AN-94
47%
19 Ghosts (Suppressed AR) Honey Badger
44%
8 BO2 (SMG) MSMC
44%
5 MW2 (SMG) UMP 45
43%
2 BO1 (AR) Commando
42%
20 MW2/BO1 (Shotgun) Spas-12
41%
18 BO2 (Sniper) DSR-50
38%
14 BO2 (AR) M8A1
35%
12 MW2 (Akimbo Shotguns) Model 1887 Akimbo
35%
15 BO1 (SMG) AK-74U
33%
13 WAW (SMG) PPSH
32%
16 MW2/BO2 (AR) Scar-H
31%
No matching quizzes found
Score Distribution
Percent of People with Each Score
Percentile by Number Answered
Your Score History
You have not taken this quiz